Taxmann's wealth tax act interest tax act and expenditure tax act : (Record no. 136984)

MARC details
000 -LEADER
fixed length control field 00582nam a2200193 4500
010 ## - LIBRARY OF CONGRESS CONTROL NUMBER
LC control number B-063986
020 ## - INTERNATIONAL STANDARD BOOK NUMBER
International Standard Book Number 8171942237
Terms of availability 175.00
035 ## - SYSTEM CONTROL NUMBER
System control number B-063986
037 ## - SOURCE OF ACQUISITION
Source of stock number/acquisition Cen Lib / Ret
040 ## - CATALOGING SOURCE
Original cataloging agency DPL
Language of cataloging EN
082 ## - DEWEY DECIMAL CLASSIFICATION NUMBER
Classification number 343.05
Item number TAX
245 ## - TITLE STATEMENT
Title Taxmann's wealth tax act interest tax act and expenditure tax act :
Remainder of title with rules /
260 ## - PUBLICATION, DISTRIBUTION, ETC. (IMPRINT)
Place of publication, distribution, etc New Delhi
Name of publisher, distributor, etc Taxmann Publications
Date of publication, distribution, etc 2000
270 ## - ADDRESS
Address 59/32 New Rohtak Road
City New Delhi
Postal code 110005
300 ## - PHYSICAL DESCRIPTION
Extent various pages
Dimensions 27cm(Pbk)
650 ## - SUBJECT ADDED ENTRY--TOPICAL TERM
Topical term or geographic name as entry element Law
650 ## - SUBJECT ADDED ENTRY--TOPICAL TERM
Topical term or geographic name as entry element Law -- India
942 ## - ADDED ENTRY ELEMENTS (KOHA)
Source of classification or shelving scheme Dewey Decimal Classification
Koha item type English Books
Classification part 343.05
Call number suffix TAX
Holdings
Withdrawn status Lost status Source of classification or shelving scheme Damaged status Not for loan Home library Current library Date acquired Source of acquisition Cost, normal purchase price Total Checkouts Full call number Barcode Date last seen Copy number Cost, replacement price Price effective from Koha item type
    Dewey Decimal Classification     Central Library Central Library 14/03/2016 Cen Lib/Ret 175.00   343.05 TAX B-063986 14/03/2016 1 175.00 14/03/2016 English Books

© Delhi Public Library
Hit Counter
free hit counter